Linea Ferroviaria Cremona-Treviglio - Statistics

Statistiche generali
  • Questo quiz è stato fatto 28 volte
  • Il punteggio medio è 9 su 11
Statistiche sulle risposte
Hint Risposta % Corretto
1 Cremona
100%
11 Treviglio
100%
10 Caravaggio
91%
7 Crema
91%
5 Castelleone
82%
4 Soresina
82%
3 Casalbuttano
64%
6 Madignano
64%
2 Olmeneta
64%
8 Casaletto Vaprio
59%
9 Capralba
55%
Nessun quiz corrispondente trovato
Distribuzione punteggi
Percentuale di utenti per punteggio
Percentile per numero di risposta
I tuoi punteggi nel tempo
Non hai fatto questo quiz